000 00405nam a22001697a 4500
005 20160627141733.0
008 160627b xxu||||| |||| 00| 0 eng d
020 _a978-81-86775-21-9
041 _aeng
082 _b10631
100 _aKiyosaki, Robert T
_92931
245 _aRich Dad poor Dad (Hindi)
260 _bManjul Publishing
_c2009
300 _a212
650 _aManagement
_9241
942 _cBK
999 _c4242
_d4241